000 00350nam a2200169Ia 4500
100 _aHungerford/Thomas W
650 _aAlgebra
942 _cBK
366 _f20
654 _aalgebra
245 _aAlgebra
260 _bSpringer International
_aNew Delhi
_c1974
082 _a512/HUN
_bHUN
300 _a502
546 _aENGLISH
999 _c24748
_d24748